Normal view
MARC view
- Ismail, Malik Azhar
Entry Personal Name
001 - CONTROL NUMBER
- control field: 17289
003 - CONTROL NUMBER IDENTIFIER
- control field: NUST
005 - DATE AND TIME OF LATEST TRANSACTION
- control field: 20190710092636.0
008 - FIXED-LENGTH DATA ELEMENTS
- fixed length control field: 190710|| aca||aabn | a|a d
040 ## - CATALOGING SOURCE
- Original cataloging agency: NUST
- Transcribing agency: NUST
100 ## - HEADING--PERSONAL NAME
- Personal name: Ismail, Malik Azhar
670 ## - SOURCE DATA FOUND
- Source citation: Work cat.: (NUST): Ismail, Malik Azhar, Umaat-e-Muslama Ki Tashkil-i-Noo /, 2010.
